Obálka Náhled e-knihy:
PDF Epub
Pro půjčování e-knih musíte být přihlášeni.
Jak si půjčit online?

Křivoklátsko /

Autor se ve svých vyprávěních věnuje krajině Křivoklátska, a to v kontextu vlastivědném i kulturněhistorickém.

Uloženo v:
Série:Za tiche, část
Hlavní autor: Hartl, Roman, 1976- (Autor)
Médium: E-kniha
Jazyk:Czech
Vydáno: V Praze : Motto, 2024
Vydání:1. vydání
Edice:Za tichem
Témata:
Příbuzné jednotky:Z cyklu:: Za tiche
Tagy:
Žádné tagy
LEADER 02635nam a2200517 i 4500
001 312459
003 CZ PrSKC
005 20260601215723.0
007 ta
008 240805s2024 xr abc e 000 j cze
015 |a cnb003625276 
020 |a 9788026726869  |q (vázáno) :  |c Kč 329,00 
035 |a (OCoLC)1459785138 
040 |a OLA001  |b cze  |d ABA001  |e rda 
043 |a e-xr---  |b e-xr-st  |2 czenas 
072 7 |a 908(437)  |x Vlastivěda Česka a Slovenska  |2 Konspekt 
080 |a 913:94  |2 MRF 
080 |a 908(437.312)  |2 MRF 
080 |a (437.312)  |2 MRF 
080 |a (0:82-32)  |2 MRF 
100 1 |a Hartl, Roman,  |d 1976-  |7 mzk2005295092  |4 aut 
245 1 0 |a Křivoklátsko /  |c Roman Hartl 
250 |a 1. vydání 
264 1 |a V Praze :  |b Motto,  |c 2024 
300 |a 140 stran :  |b ilustrace, mapy, portréty ;  |c 20 cm 
336 |a text  |b txt  |2 rdacontent 
337 |a bez média  |b n  |2 rdamedia 
338 |a svazek  |b nc  |2 rdacarrier 
490 1 |a Za tichem 
500 |a Obálkový podnázev: velmi osobní průvodce po místech, kde se duše může nadechnout 
504 |a Obsahuje bibliografii 
520 2 |a Autor se ve svých vyprávěních věnuje krajině Křivoklátska, a to v kontextu vlastivědném i kulturněhistorickém.  |b Odhalte ztichlou krajinu a podmanivé kouzlo Křivoklátska, kraje protkaného lesy a klidným tokem Berounky. Průvodcem vám bude místní vlastivědný publicista Roman Hartl, jehož vyprávění vás inspiruje k objevování krajiny i sebe sama. Lány, Křivoklát, Slabce, Podmokly - místa známá i ta odlehlejší se pojí s polozapomenutými příběhy, jsou bohatá na krásné scenerie i fascinující rodáky. Nakladatelská anotace. 
650 0 7 |a historický místopis  |7 ph137052  |z Česko  |2 czenas 
650 0 9 |a historical topography  |z Czechia  |2 eczenas 
651 7 |a Křivoklát (Česko : oblast)  |7 ge128505  |x vlastivěda a dějiny  |2 czenas 
651 9 |a Křivoklát Region (Czechia)  |x local history and geography  |2 eczenas 
655 7 |a příběhy  |7 fd133204  |2 czenas 
655 9 |a stories  |2 eczenas 
787 0 8 |i Z cyklu:  |t Za tiche 
830 0 |a Za tichem 
900 |a ABA001  |b 21 
928 9 |a Albatros Media - Motto 
044 |a xr 
910 |a RBIT002 
998 |d 408152  |a https://core.palmknihy.cz/api/books/408152/cover?sgy91z  |b https://core.palmknihy.cz/api/books/408152/cover/400?sgy91z  |c https://core.palmknihy.cz/api/books/408152/cover/50?sgy91z  |e 2034-12-31  |g 152  |i 9788026726869  |j https://core.palmknihy.cz/api/books/408152/preview.epub  |k https://core.palmknihy.cz/api/books/408152/preview.pdf  |l   |q 49  |r 1  |s https://www.palmknihy.cz/kniha/408152  |t ebook  |y 2024  |z 0 
999 |d 312457